Mazalim tribunals between executive power of the Sultan and the legal authority of the Qadi : A quest for judicial independence in Islamic law /
Saved in:
| 主要作者: | |
|---|---|
| 格式: | Thesis |
| 語言: | English |
| 出版: |
Kuala Lumpur :
International Institute of Islamic Thought and Civilization (ISTAC),
2002
|
| 主題: | |
| 在線閱讀: | http://studentrepo.iium.edu.my/handle/123456789/2329 |
| 標簽: |
添加標簽
沒有標簽, 成為第一個標記此記錄!
|
| LEADER | 019120000a22003610004500 | ||
|---|---|---|---|
| 001 | 315925 | ||
| 005 | 20230713062752.0 | ||
| 008 | 050315s2002 my 000 0 eng d | ||
| 035 | |a (Sirsi) 315925 | ||
| 040 | |a UIAM |b eng | ||
| 041 | 0 | |a eng | |
| 050 | 0 | 0 | |a BP158.3 |
| 100 | 1 | |a Diouma, Bah Mamadou |9 123538 | |
| 245 | 1 | 0 | |a Mazalim tribunals between executive power of the Sultan and the legal authority of the Qadi : |b A quest for judicial independence in Islamic law / |c by Bah Mamadou Diouma |
| 260 | |a Kuala Lumpur : |b International Institute of Islamic Thought and Civilization (ISTAC), |c 2002 | ||
| 300 | |a vii, 93 lvs : |b ill. ; |c 30 cm. | ||
| 336 | |2 rdacontent | ||
| 337 | |2 rdamedia | ||
| 338 | |2 rdacarrier | ||
| 500 | |a "A thesis submitted to the International Institute of Islamic Thought and Civilization (ISTAC) in partial fulfilment of the M.A.Degree" -- On t.p. | ||
| 502 | |a Thesis (Master) -- International Islamic University Malaysia, International Institute of Islamic Thought and Civilization, 2002 | ||
| 504 | |a Includes bibliographical references (lvs 89-93) | ||
| 650 | 0 | |a Islamic law |x Criticism, interpretation, etc |9 5030 | |
| 650 | 0 | |a Justice, Administration of (Islamic law) |9 76161 | |
| 655 | 0 | 7 | |a Theses, IIUM local |
| 690 | 0 | |a Dissertations, Academic |x International Institute of Islamic Thought and Civilization |z IIUM | |
| 710 | 2 | |a International Islamic University Malaysia. |b International Institute of Islamic Thought and Civilization | |
| 856 | 4 | |u http://studentrepo.iium.edu.my/handle/123456789/2329 | |
| 900 | |a za | ||
| 942 | |2 lcc |n 0 | ||
| 999 | |c 432226 |d 464571 | ||
| 952 | |0 0 |6 T BP 000158.3 D595M 2002 |7 0 |8 THESES |9 752425 |a SMNAL |b SMNAL |c CLOSEACCES |g 0.00 |o t BP158.3D595M 2002 |p 00000899407 |r 1900-01-02 |t 1 |v 0.00 |y THESIS | ||
| 952 | |0 0 |6 T BP 000158.3 D595M 2002 |7 0 |8 THESES |9 756785 |a IIUM |b IIUM |c MULTIMEDIA |g 0.00 |o t BP 158.3 D595M 2002 |p 11100343517 |r 2017-10-17 |t 1 |v 0.00 |y THESIS | ||
